[Event "Belgrade Investbanka"]
[Site "Belgrade YUG"]
[Date "1995.??.??"]
[Round "4"]
[White "Miladinovic, Igor"]
[Black "Ljubojevic, Ljubomir"]
[Result "1/2-1/2"]
[WhiteElo "2555"]
[BlackElo "2600"]
[PlyCount "45"]
[EventDate "1995.11.??"]

1. d4 Nf6 2. c4 e6 3. Nc3 d5 4. cxd5 exd5 5. Bg5 Be7 6. e3 Nbd7 7. Bd3 Nf8 8. Nf3 Ne6 9. Bh4 O-O 10. O-O g6 11. b4 c6 12. Qb3 a5 13. b5 c5 14. Bxf6 Bxf6 15. Nxd5 cxd4 16. Nxf6+ Qxf6 17. Qb2 Kg7 18. Rac1 dxe3 19. Qxf6+ Kxf6 20. fxe3 Ke7 21. Ne5 Bd7 22. Bc4 Rad8 23. b6 1/2-1/2